| 000 | 00347nam a2200109Ia 4500 | ||
|---|---|---|---|
| 008 | 200302s9999 xx 000 0 und d | ||
| 100 | _aDavid Robson and Others | ||
| 245 | _aThe architectural heritage of Sri Lank measured drawings from the anjalendran studio | ||
| 260 | _bA Talisman book for Laurence King Pvt Ltd. | ||
| 260 | _c2016 | ||
| 300 | _a235 | ||
| 999 |
_c6540 _d6540 |
||